La metáfora y la metonimia /
Enregistré dans:
| Auteur principal: | |
|---|---|
| Autres auteurs: | |
| Format: | Inconnue |
| Langue: | Spanish |
| Publié: |
Madrid, España :
Eds. Cátedra,
1976.
|
| Sujets: | |
| Tags: |
Ajouter un tag
Pas de tags, Soyez le premier à ajouter un tag!
|
MARC
| LEADER | 000000000a22000000004500 | ||
|---|---|---|---|
| 001 | 011732 | ||
| 020 | |a 8437600588 | ||
| 041 | 0 | |a spa | |
| 082 | 0 | 4 | |a 808.044.1 |b L521m |
| 100 | 1 | |a Le Guern, Michel | |
| 700 | 1 | |a Gálvez-Cañero y Pidal, Augusto, |e traductor | |
| 245 | 1 | 3 | |a La metáfora y la metonimia / |c Michel Le Guern ; Augusto Gálvez-Cañero y Pidal, traductor. |
| 260 | 1 | |a Madrid, España : |b Eds. Cátedra, |c 1976. | |
| 300 | |a 147 páginas | ||
| 500 | |a La Biblioteca contiene otro ejemplar, con número de inscripción 13340 -- Título original: Sémantique de la métaphore et de la métonymie | ||
| 650 | 4 | |a FRANCES | |
| 650 | 4 | |a TROPOS | |
| 650 | 4 | |a METAFORA | |
| 500 | |a Colección George Yúdice | ||
| 999 | |c 17765 |d 17765 | ||
| 942 | |c BK |h 808.044.1 L521m |2 z | ||



